Marilyn Monroe / (Registro nro. 12916)

Detalles MARC
000 -LIDER
fixed length control field 00818nam a22002657a 4500
003 - IDENTIFICACDOR DE NÚMERO DE CONTROL
control field DO-SdBNP
005 - DATE AND TIME OF LATEST TRANSACTION
control field 20230516101805.0
008 - ELEMENTOS DE LONGITUD FIJA
fixed length control field 171116b 2005 mx| 00| 0 spa d
020 ## - ISBN
International Standard Book Number 9789706668691
040 ## - FUENTE DE CATALOGACIÓN
Agencia que crea de manera original el registro BPMSU
Idioma de catalogación spa
Agencia que realiza la transcripción BPMSU
082 #4 - NÚMERO DE CLASIFICACIÓN DECIMAL DE DEWEY
Classification number 927.92
Item number M753S 2005
Edition number 22
100 1# - ASIENTO PRINCIPAL -- NOMBRE PERSONAL
Nombre personal Samaniego, María Eustolia
245 10 - MENCIÓN DE TITULO
Título Marilyn Monroe /
Mención de responsabilidad María Eustolia Samaniego ; prólogo Roberto Mares
250 ## - MENCIÓN DE EDICION
Mención de edición 2a ed.
260 ## - PUBLICACIÓN, DISTRIBUCIÓN, ETC. (PIE DE IMPRENTA)
Lugar de publicación, distribución, etc México :
Nombre del editor, distribuidor, etc. Editorial Tomo,
Fecha de publicación, distribución, etc 2005.
300 ## - DESCRIPCIÓN FÍSICA
Extensión 127 p. :
Otros detalles físicos il. ;
Dimensiones 21 cm.
490 0# - MENCIÓN DE SERIES
Mención de serie Los grandes
590 ## - NOTA LOCAL
Enlace Inventariado, 2023/VM
600 14 - ENCABEZAMIENTO DE MATERIA--NOMBRE PERSONAL
Nombre personal Monroe, Marylin,
Fechas asociadas con el nombre 1926-1962
Subdivisión de forma Biografías
650 #4 - ENCABEZAMIENTO DE MATERIA--TEMÁTICO
Término temático o nombre geográfico como elemento de entrada Actrices estadounidenses
650 #4 - ENCABEZAMIENTO DE MATERIA--TEMÁTICO
Término temático o nombre geográfico como elemento de entrada Cine
Subdivisión geográfica Estados Unidos
700 1# - ASIENTO SECUNDARIO -- NOMBRE PERSONAL
Nombre personal Mares, Roberto
Mención de responsabilidad pról.
910 ## - VALIDACIÓN
Validación BTAVAREZ/ VMateo V. Control de calidad (BPMSU)
942 ## - ADDED ENTRY ELEMENTS (KOHA)
Source of classification or shelving scheme Dewey Decimal Classification
Koha item type Libros
Existencias
Withdrawn status Lost status Source of classification or shelving scheme Damaged status Not for loan Collection code Home library Current library Date acquired Full call number Barcode Date last seen Price effective from Koha item type
    Dewey Decimal Classification     Colección General Biblioteca Pública Metropolitana Salomé Ureña Biblioteca Pública Metropolitana Salomé Ureña 11/16/2017 BPMSU CG 927.92 M753S 2005 BPMSU17110224 11/16/2017 11/16/2017 Libros